Responses for show #2295 - Friday, July 22, 1994

1994 Seniors Tournament final game 2.
Last game of Season 10.
Last game taped at Hollywood Center Studios.

Contestants

[<< previous game]

Joe Clonick, a composer and musician originally from Chicago, Illinois (subtotal of $6,800)

Bart Thomas, a marine art dealer from Bridgewater, New Jersey (subtotal of $12,000)

Jim Brachman, a retired attorney from Boca Raton, Florida (subtotal of $5,500)

[next game >>]

Jeopardy! Round responses

THE 1940s
TV TRIVIA
WORD ORIGINS
AROUND THE WORLD
FOOD FACTS
CAT-EGORY
    $100 6
the Aleutians

Bart
    $100 26
The Addams Family

Bart
    $100 11
a navy bean

Joe
    $100 1
a dragon

Bart
    $100 16
Roquefort

Bart
    $100 17
Abyssinians

Bart
    $200 7
Paul Revere

Bart
    $200 27
Jane Wyman

Triple Stumper
    $200 12
a mall

Joe
    $200 2
Islam

Bart
    $200 22
molasses

Joe
    $200 18
catnip

Bart
    $300 8
pernicious anemia

Jim
    $300 28
Mary Tyler Moore

Bart
    $300 13
the Senate

Jim
    $300 3
the British Virgin Islands

Bart
    $300 23
the plantain

Joe
    $300 19
black

Bart
    $400 9
Tito

Bart
    $400 29
Coach

Triple Stumper
    $400 14
(Bart: What is a wat?)

a pagoda

Bart
Triple Stumper
    $400 4
Sweden

Jim
    $400 24
a capon

Bart
    $400 20
the Manx

Joe
    $500 10
(Wendell) Willkie

Bart
    $500 30
McMillan & Wife

Triple Stumper
    $500 15
pharaoh

Joe
    $500 5
Portuguese

Jim
    $500 25
okra

Joe
    $500 21
Siamese

Bart

Scores at the first commercial break (after clue 15):

Jim Bart Joe
$1,500 $1,400 $800

Scores at the end of the Jeopardy! Round:

Jim Bart Joe
$1,500 $3,400 $2,200

Double Jeopardy! Round responses

MODERN HISTORY
BALLET
MOUNTAINS
FAMOUS NAMES
STOCK SYMBOLS
NONFICTION
    $200 1
China

Joe
    $200 11
Brahms

Joe
    $200 16
(Mount) Fuji

Joe
    $200 21
Edsel

Bart
    $200 2
Mattel

Bart
    $200 26
(Erma) Bombeck

Bart
    $400 7
the PLO (Palestine Liberation Organization)

Jim
    $400 12
Iceland

Bart
    $400 17
Olympus

Joe
    $400 22
Byrd

Bart
    $400 3
Quaker Oats

Joe
    $400 27
Steinbeck

Jim
    $600 8
Stalin

Bart
    $600 13
(Roland) Petit

Jim
    $600 18
Cook

Joe
    $1,600 23
(Albert) Schweitzer

Bart
    $600 4
Heinz

Bart
    $600 28
Profiles in Courage

Jim
    $800 9
Haile Selassie

Bart
    $800 14
Rodin

Bart
    $2,000 19
the Pyrenees

Joe
    $800 24
Burpee

Bart
    $800 5
Kmart

Joe
    $800 29
Wolves

Bart
    $1000 10
Piltdown Man

Joe
    $1000 15
The Sleeping Beauty

Bart
    $1000 20
the Urals

Jim
    $1000 25
(Andrés) Segovia

Bart
    $1000 6
Eastman Kodak

Jim
    $1000 30
the Nez Perce

Joe

Scores at the end of the Double Jeopardy! Round:

Jim Bart Joe
$5,500 $12,800 $9,000
(lock-tie tournament)

[wagering suggestions for these scores]

Final Jeopardy! Round responses

U.S. PRESIDENTS
JimWho were Lincoln & Washington
$2,500
JoeWho are Washington & J.Q Ad
$9,000
BartWho were Washington
$8,200
(2 of) Ulysses Grant, Zachary Taylor, Dwight David Eisenhower & Herbert Hoover

Final scores:

Jim Bart Joe
$3,000 $4,600 $0

Cumulative scores:

Jim Bart Joe
$8,500 $16,600 $6,800
1st runner-up: $10,000 Tournament champion: $25,000 2nd runner-up: $7,500

Game dynamics:

Coryat scores:

Jim Bart Joe
$5,500 $11,800 $7,800
10 R
(including 1 DD),
0 W
29 R
(including 1 DD),
1 W
17 R
(including 1 DD),
0 W

Combined Coryat: $25,100

The J! Archive is created by fans, for fans. The Jeopardy! game show and all elements thereof, including but not limited to copyright and trademark thereto, are the property of Jeopardy Productions, Inc. and are protected under law. This website is not affiliated with, sponsored by, or operated by Jeopardy Productions, Inc. Join the discussion at JBoard.tv.